[Event "SCO-ch 122nd"]
[Site "Edinburgh"]
[Date "2015.07.13"]
[Round "3"]
[White "Opasiak, Dustin Tennessee"]
[Black "Edwards, Jonathan"]
[Result "0-1"]
[WhiteElo "1791"]
[BlackElo "2182"]
[PlyCount "88"]
[EventDate "2015.07.11"]
[EventType "swiss"]
[EventRounds "9"]
[EventCountry "SCO"]
[SourceTitle "CBM 167 Extra"]
[Source "ChessBase"]
[SourceDate "2015.09.14"]
[SourceVersion "1"]
[SourceVersionDate "2015.09.14"]
[SourceQuality "1"]

1. Nf3 Nf6 2. g3 g6 3. Bg2 Bg7 4. 0-0 0-0 5. d3 d5 6. Nbd2 c5 7. e4 Nc6 8. a4 e6 9. Re1 b6 10. exd5 exd5 11. Nf1 h6 12. Bd2 Be6 13. Qc1 Kh7 14. Nh4 Rc8 15. f4 Qd7 16. Be3 d4 17. Bf2 Ng4 18. Qd2 a6 19. Kh1 Nxf2+ 20. Qxf2 Ne7 21. Nd2 Rfe8 22. Nc4 Bxc4 23. dxc4 Bf6 24. Be4 Bxh4 25. gxh4 Nf5 26. Bd3 h5 27. Qf3 Kg7 28. Qf2 a5 29. b3 Qc6+ 30. Kg1 Qf6 31. Bxf5 Qxf5 32. Kf1 Qh3+ 33. Kg1 Qg4+ 34. Kf1 Rcd8 35. Rxe8 Rxe8 36. Re1 Qh3+ 37. Kg1 Rxe1+ 38. Qxe1 Qg4+ 39. Kh1 Qxf4 40. h3 Qf5 41. Qg3 Qf1+ 42. Kh2 Qe2+ 43. Qg2 Qxg2+ 44. Kxg2 Kf6 0-1

[Event "SCO-ch 122nd"]
[Site "Edinburgh"]
[Date "2015.07.11"]
[Round "1"]
[White "Jelfs, Alan"]
[Black "Edwards, Jonathan"]
[Result "0-1"]
[WhiteElo "1889"]
[BlackElo "2182"]
[PlyCount "72"]
[EventDate "2015.07.11"]
[EventType "swiss"]
[EventRounds "9"]
[EventCountry "SCO"]
[SourceTitle "CBM 167 Extra"]
[Source "ChessBase"]
[SourceDate "2015.09.14"]
[SourceVersion "1"]
[SourceVersionDate "2015.09.14"]
[SourceQuality "1"]

1. d4 g6 2. c4 Bg7 3. Nf3 Nf6 4. Nc3 0-0 5. e4 d6 6. Be2 e5 7. d5 Na6 8. Be3 Ng4 9. Bg5 f6 10. Bh4 h5 11. Nd2 Nh6 12. f3 Nf7 13. a3 Bh6 14. Bf2 f5 15. b4 c5 16. dxc6 bxc6 17. Nb3 Nc7 18. Na5 Bd7 19. c5 fxe4 20. Nb7 Qb8 21. Nxd6 exf3 22. Bxf3 Ng5 23. Be2 a5 24. Na4 Nd5 25. Bc4 Be6 26. bxa5 Rxf2 27. Kxf2 Qf8+ 28. Ke1 Ne3 29. Qe2 Qf4 30. Rf1 Nxf1 31. Qxf1 Qg4 32. Ra2 Rf8 33. Qe2 Qd4 34. Qc2 Qg1+ 35. Kd2 Ne4+ 36. Kd3 Qe3# 0-1

[Event "Hong Kong op"]
[Site "Hong Kong"]
[Date "2014.10.03"]
[Round "6"]
[White "Limbu, Chandra Singh"]
[Black "Edwards, Jonathan"]
[Result "0-1"]
[WhiteElo "1785"]
[BlackElo "2167"]
[PlyCount "70"]
[EventDate "2014.10.01"]
[EventType "swiss"]
[EventRounds "9"]
[EventCountry "HKG"]
[SourceTitle "CBM 162 Extra"]
[Source "ChessBase"]
[SourceDate "2014.10.17"]
[SourceVersion "1"]
[SourceVersionDate "2014.10.17"]
[SourceQuality "1"]

1. e4 d6 2. d4 g6 3. Nc3 Bg7 4. Nf3 a6 5. a4 Nc6 6. Be2 Bg4 7. Be3 e5 8. d5 Nce7 9. Nd2 Bd7 10. Nc4 f5 11. f3 Nf6 12. Qd2 f4 13. Bf2 0-0 14. 0-0 g5 15. b4 h5 16. b5 axb5 17. axb5 Rxa1 18. Rxa1 b6 19. Nb2 g4 20. Bh4 Ng6 21. Bg5 Qc8 22. Bxf6 Bxf6 23. Ncd1 Kh8 24. Ra7 Qb8 25. Ra3 Qd8 26. Ra7 Qb8 27. Ra3 Qe8 28. Ra7 Bd8 29. Ra8 Qe7 30. Qe1 Rg8 31. Kh1 Qg5 32. Qf1 Nh4 33. Nf2 g3 34. hxg3 fxg3 35. Nfd3 Ng6 0-1

[Event "Hong Kong op"]
[Site "Hong Kong"]
[Date "2014.10.03"]
[Round "5"]
[White "Soumya, Swaminathan"]
[Black "Edwards, Jonathan"]
[Result "1-0"]
[WhiteElo "2310"]
[BlackElo "2167"]
[PlyCount "123"]
[EventDate "2014.10.01"]
[EventType "swiss"]
[EventRounds "9"]
[EventCountry "HKG"]
[SourceTitle "CBM 162 Extra"]
[Source "ChessBase"]
[SourceDate "2014.10.17"]
[SourceVersion "1"]
[SourceVersionDate "2014.10.17"]
[SourceQuality "1"]

1. d4 Nf6 2. c4 g6 3. Nf3 Bg7 4. g3 0-0 5. Bg2 d6 6. 0-0 Nbd7 7. Nc3 e5 8. e4 c6 9. h3 Qa5 10. Re1 exd4 11. Nxd4 Ne5 12. Bf1 Re8 13. Be3 Be6 14. Nxe6 Rxe6 15. Rb1 Nxe4 16. b4 Nxc3 17. bxa5 Nxd1 18. Rexd1 b6 19. axb6 axb6 20. Rxb6 g5 21. Kg2 Bf6 22. Rd2 Ra4 23. Rc2 h5 24. Bc1 d5 25. cxd5 cxd5 26. Rb8+ Kg7 27. Bb5 Rb4 28. Ba3 Re4 29. Rcc8 Kh6 30. Bc1 Kh7 31. Rb7 g4 32. hxg4 hxg4 33. Bd7 Nxd7 34. Rxd7 d4 35. Rxf7+ Kg6 36. Rd7 Re1 37. Bf4 Rb6 38. Rg8+ Kf5 39. Rd5+ Ke4 40. Ra5 Rbb1 41. Re8+ Kd3 42. Rxe1 Rxe1 43. Ra6 Be7 44. Rg6 Kc2 45. Rxg4 d3 46. Rg6 Re4 47. Rc6+ Kb2 48. Kf3 Ra4 49. Ke3 Ra3 50. Bd6 Bxd6 51. Rxd6 Kc2 52. g4 Ra4 53. f4 Ra7 54. Rc6+ Kd1 55. Kxd3 Ra4 56. Ke3 Rxa2 57. g5 Ra3+ 58. Ke4 Ra4+ 59. Kf3 Ra3+ 60. Kg4 Ke2 61. g6 Ke3 62. g7 1-0

[Event "Dundee & Angus op"]
[Site "Dundee"]
[Date "2013.10.12"]
[Round "2"]
[White "Livingstone, Jonathan"]
[Black "Edwards, Jonathan"]
[Result "0-1"]
[WhiteElo "1656"]
[BlackElo "1994"]
[PlyCount "76"]
[EventDate "2013.10.11"]
[EventType "swiss"]
[EventRounds "5"]
[EventCountry "SCO"]
[SourceTitle "EXT 2017"]
[Source "ChessBase"]
[SourceDate "2016.10.25"]
[SourceVersion "1"]
[SourceVersionDate "2016.10.25"]
[SourceQuality "1"]

1. e4 d6 2. Nf3 g6 3. c3 Bg7 4. d3 c5 5. Be3 Nc6 6. Nbd2 Nf6 7. h3 0-0 8. Be2 e5 9. 0-0 Qe7 10. Nb3 b6 11. Qc1 Re8 12. Bg5 Qc7 13. Bh6 Bh8 14. Nh2 d5 15. exd5 Nxd5 16. Bf3 Be6 17. Bxd5 Bxd5 18. f4 c4 19. dxc4 Bxc4 20. Rf2 e4 21. f5 Ne5 22. fxg6 hxg6 23. Qf4 e3 24. Rc2 Rac8 25. Nd4 Bd3 26. Rcc1 Nc4 27. Ng4 f5 28. Qxc7 Rxc7 29. Nxe3 Nxe3 30. Re1 Rce7 31. Nc6 Re4 32. Nb4 Nc2 33. Rxe4 Bxe4 34. Nxc2 Bxc2 35. Rc1 Re2 36. Kf1 Bd3 37. Re1 Rxb2+ 38. Kg1 Rb1 0-1

[Event "BCF-chT1a 1213 (4NCL)"]
[Site "England"]
[Date "2012.11.03"]
[Round "1.145"]
[White "Edwards, Jonathan"]
[Black "Eggleston, David"]
[Result "1/2-1/2"]
[WhiteElo "2076"]
[BlackElo "2337"]
[PlyCount "85"]
[EventDate "2012.11.03"]
[EventType "team-tourn"]
[EventRounds "7"]
[EventCountry "ENG"]
[SourceTitle "EXT 2013"]
[Source "ChessBase"]
[SourceDate "2012.11.22"]
[SourceVersion "1"]
[SourceVersionDate "2012.11.22"]
[SourceQuality "1"]
[WhiteTeam "Sambuca Sharks"]
[BlackTeam "Cheddleton"]
[WhiteTeamCountry "ENG"]
[BlackTeamCountry "ENG"]

1. e4 c5 2. Nf3 d6 3. d4 cxd4 4. Nxd4 Nf6 5. Nc3 a6 6. Bg5 Nbd7 7. f4 Qc7 8. Qf3 h6 9. Bxf6 Nxf6 10. f5 Qc5 11. 0-0-0 g5 12. fxg6 Bg4 13. gxf7+ Kxf7 14. Qd3 Bxd1 15. Nxd1 Bg7 16. g3 e6 17. Bh3 Rhe8 18. Rf1 Re7 19. Ne3 Rae8 20. Ng2 b5 21. Nf4 e5 22. Nd5 Qxd4 23. Qf3 Kg8 24. Nxf6+ Bxf6 25. Qxf6 Qxe4 26. Qxd6 Qe3+ 27. Kb1 Qg5 28. Rf5 Qg7 29. Rf6 e4 30. Rg6 e3 31. Rxg7+ Kxg7 32. Bg4 e2 33. Bxe2 Rxe2 34. b3 R8e6 35. Qd4+ Kg6 36. h4 R2e4 37. Qd5 R4e5 38. Qf3 h5 39. g4 hxg4 40. Qxg4+ Kh6 41. Kb2 Rf6 42. a4 Rc5 43. Ka3 1/2-1/2

[Event "Wch U20 51st"]
[Site "Athens"]
[Date "2012.08.15"]
[Round "13"]
[White "Edwards, Jonathan"]
[Black "Zwakala, Ntando"]
[Result "1-0"]
[WhiteElo "2170"]
[BlackElo "2054"]
[PlyCount "41"]
[EventDate "2012.08.02"]
[EventType "swiss"]
[EventRounds "13"]
[EventCountry "GRE"]
[SourceTitle "CBM 149 Extra"]
[Source "ChessBase"]
[SourceDate "2012.08.24"]
[SourceVersion "1"]
[SourceVersionDate "2012.08.24"]
[SourceQuality "1"]

1. e4 c5 2. Nf3 Nc6 3. d4 cxd4 4. Nxd4 Nf6 5. Nc3 d6 6. Be2 e6 7. Be3 Bd7 8. g4 Nxd4 9. Bxd4 Bc6 10. Qd3 Qa5 11. 0-0-0 0-0-0 12. Kb1 e5 13. Be3 d5 14. g5 Bb4 15. gxf6 d4 16. fxg7 Rhg8 17. Bg5 f6 18. Bxf6 Rd6 19. Qc4 Bxc3 20. Qxg8+ Kc7 21. Qd8+ 1-0

[Event "Wch U20 51st"]
[Site "Athens"]
[Date "2012.08.10"]
[Round "8"]
[White "Carbone, Diego"]
[Black "Edwards, Jonathan"]
[Result "1-0"]
[WhiteElo "2069"]
[BlackElo "2170"]
[PlyCount "57"]
[EventDate "2012.08.02"]
[EventType "swiss"]
[EventRounds "13"]
[EventCountry "GRE"]
[SourceTitle "CBM 149 Extra"]
[Source "ChessBase"]
[SourceDate "2012.08.24"]
[SourceVersion "1"]
[SourceVersionDate "2012.08.24"]
[SourceQuality "1"]

1. d4 Nf6 2. c4 g6 3. g3 Bg7 4. Bg2 d6 5. Nc3 0-0 6. Nf3 Nbd7 7. 0-0 e5 8. e4 c6 9. h3 Re8 10. Re1 exd4 11. Nxd4 Nc5 12. Qc2 Nfxe4 13. Nxe4 Bxd4 14. Bg5 f6 15. Nxf6+ Bxf6 16. Rxe8+ Qxe8 17. Bxf6 Bf5 18. Qc3 Qf7 19. Rd1 Rf8 20. Rxd6 Be4 21. f3 Bb1 22. Qe3 b6 23. Rxc6 Bxa2 24. b4 Re8 25. Qd2 Ne6 26. Ba1 Bb3 27. Qc3 Ng7 28. f4 Bxc4 29. Rxc4 1-0

[Event "Wch U20 51st"]
[Site "Athens"]
[Date "2012.08.04"]
[Round "3"]
[White "Edwards, Jonathan"]
[Black "Poulopoulos, Ioannis"]
[Result "0-1"]
[WhiteElo "2170"]
[BlackElo "2007"]
[PlyCount "86"]
[EventDate "2012.08.02"]
[EventType "swiss"]
[EventRounds "13"]
[EventCountry "GRE"]
[SourceTitle "CBM 149 Extra"]
[Source "ChessBase"]
[SourceDate "2012.08.24"]
[SourceVersion "1"]
[SourceVersionDate "2012.08.24"]
[SourceQuality "1"]

1. e4 e5 2. Nf3 Nc6 3. Bc4 Bc5 4. b4 Bxb4 5. c3 Be7 6. d4 Na5 7. Bd3 exd4 8. cxd4 d5 9. e5 Bb4+ 10. Nbd2 Ne7 11. 0-0 0-0 12. Qc2 h6 13. a3 Bxd2 14. Bxd2 Nac6 15. Be3 f6 16. Rac1 Bg4 17. exf6 Rxf6 18. Ne5 Bf5 19. Nxc6 bxc6 20. Rfe1 Qd6 21. Bd2 Qxa3 22. Rxe7 Bxd3 23. Re3 Bxc2 24. Rxa3 Bg6 25. Ra6 Be8 26. f3 Re6 27. Kf2 Rb8 28. Rc2 Rb6 29. Rxa7 Bg6 30. Rca2 Bb1 31. Ba5 Bxa2 32. Bxb6 cxb6 33. Rxa2 Kf7 34. Ra6 c5 35. Ra7+ Kf6 36. Rd7 c4 37. Rxd5 c3 38. Rd8 Rc6 39. d5 c2 40. dxc6 c1Q 41. Rc8 Qc2+ 42. Kg3 Kf7 43. Kf4 Qc4+ 0-1

[Event "Wch U20 51st"]
[Site "Athens"]
[Date "2012.08.03"]
[Round "2"]
[White "Papasimakopoulos, Vasilios"]
[Black "Edwards, Jonathan"]
[Result "1-0"]
[WhiteElo "1820"]
[BlackElo "2170"]
[PlyCount "59"]
[EventDate "2012.08.02"]
[EventType "swiss"]
[EventRounds "13"]
[EventCountry "GRE"]
[SourceTitle "CBM 149 Extra"]
[Source "ChessBase"]
[SourceDate "2012.08.24"]
[SourceVersion "1"]
[SourceVersionDate "2012.08.24"]
[SourceQuality "1"]

1. d4 d5 2. c4 e6 3. Nc3 Nf6 4. cxd5 exd5 5. Bg5 Be7 6. Qc2 c6 7. e3 Nbd7 8. Bd3 h6 9. Bh4 0-0 10. Nf3 Re8 11. 0-0 b6 12. Rac1 Bb7 13. Rfd1 a6 14. Bf5 c5 15. dxc5 bxc5 16. Na4 c4 17. b3 g5 18. Bg3 Ba3 19. Rb1 Rc8 20. bxc4 Rxc4 21. Qd2 Bc6 22. Nb2 Ne4 23. Bxe4 Rexe4 24. Nxc4 Rxc4 25. Nd4 Ba4 26. Nb3 Nf6 27. Be5 d4 28. Bxd4 Ng4 29. Qe2 Qc8 30. h3 1-0

[Event "Edinburgh op"]
[Site "Edinburgh"]
[Date "2012.03.31"]
[Round "2"]
[White "Edwards, Jonathan"]
[Black "Gormally, Daniel"]
[Result "0-1"]
[WhiteElo "2156"]
[BlackElo "2529"]
[PlyCount "50"]
[EventDate "2012.03.30"]
[EventType "swiss"]
[EventRounds "5"]
[EventCountry "SCO"]
[SourceTitle "EXT 2014"]
[Source "ChessBase"]
[SourceDate "2013.11.20"]
[SourceVersion "1"]
[SourceVersionDate "2013.11.20"]
[SourceQuality "1"]

1. e4 c5 2. Nf3 d6 3. d4 cxd4 4. Nxd4 Nf6 5. Nc3 a6 6. Bg5 e6 7. Be2 Be7 8. 0-0 0-0 9. f4 Nbd7 10. Bf3 h6 11. Bh4 Nxe4 12. Bxe7 Nxc3 13. Bxd8 Nxd1 14. Bc7 Nxb2 15. Bxd6 Re8 16. Rab1 Nc4 17. Bxb7 Ra7 18. Bxc8 Rxc8 19. Bb4 Nf6 20. Kf2 Nd5 21. Ke2 Nce3 22. Rf2 Nxc2 23. Nxc2 Rxc2+ 24. Kf3 Rxf2+ 25. Kxf2 Rb7 0-1

[Event "Dundee & Angus op"]
[Site "Dundee"]
[Date "2012.??.??"]
[Round "3"]
[White "Payada, Dmitriy"]
[Black "Edwards, Jonathan"]
[Result "0-1"]
[WhiteElo "2014"]
[BlackElo "1987"]
[PlyCount "58"]
[EventDate "2012.10.13"]
[EventType "swiss"]
[EventRounds "5"]
[EventCountry "SCO"]
[SourceTitle "EXT 2017"]
[Source "ChessBase"]
[SourceDate "2016.10.25"]
[SourceVersion "1"]
[SourceVersionDate "2016.10.25"]
[SourceQuality "1"]

1. e4 e5 2. Nf3 Nc6 3. Bb5 a6 4. Ba4 Nf6 5. 0-0 Be7 6. Re1 b5 7. Bb3 0-0 8. h3 d6 9. c3 Na5 10. Bc2 d5 11. exd5 e4 12. Ng5 Nxd5 13. Nxe4 f5 14. Ng3 f4 15. Ne4 f3 16. d4 fxg2 17. Kxg2 Qd7 18. Qh5 g6 19. Qh6 Qf5 20. Bd1 Nf6 21. Nbd2 Bb7 22. f3 Nxe4 23. Nxe4 Rae8 24. b3 Bd8 25. Qe3 Bh4 26. Ba3 Bxe1 27. Bxf8 Bxe4 28. fxe4 Rxe4 29. Qf3 Rf4 0-1

[Event "East Dunbartonshire op 1st"]
[Site "Dunbartonshire"]
[Date "2011.08.06"]
[Round "3"]
[White "Edwards, Jonathan"]
[Black "Abdulla, Nihad"]
[Result "1-0"]
[WhiteElo "1825"]
[BlackElo "1485"]
[PlyCount "73"]
[EventDate "2011.08.06"]
[EventType "swiss"]
[EventRounds "5"]
[EventCountry "SCO"]
[SourceTitle "EXT 2023"]
[Source "ChessBase"]
[SourceDate "2022.10.05"]
[SourceVersion "1"]
[SourceVersionDate "2022.10.05"]
[SourceQuality "1"]

1. e4 e5 2. Nf3 Nc6 3. c3 Nf6 4. d4 d6 5. dxe5 Nxe5 6. Nxe5 dxe5 7. Qxd8+ Kxd8 8. Bg5 Be7 9. Nd2 h6 10. Bh4 g5 11. Bg3 Bd6 12. Bc4 Ke7 13. 0-0-0 Be6 14. Rhe1 Bxc4 15. Nxc4 Nd7 16. Ne3 Nc5 17. Rd5 f6 18. Nf5+ Ke6 19. f3 Rad8 20. Red1 Nd7 21. Nxd6 cxd6 22. Rxd6+ Ke7 23. Bf2 b6 24. c4 Nb8 25. R6d5 Nc6 26. c5 b5 27. a3 a5 28. Kc2 h5 29. Kc3 Rb8 30. Rd7+ Ke8 31. R7d6 b4+ 32. Kc4 Nd4 33. Bxd4 exd4 34. R1xd4 bxa3 35. bxa3 Ke7 36. Rd7+ Ke8 37. c6 1-0